000 00766nam a2200289Ia 4500
001 19687
003 IT-RoPAU
008 130308s9999 xx 000 0 und d
040 _aIT-RoPAU
040 _cIT-RoPAU
041 _aITALIANO
100 _aPoppi Claudio
100 _gCodice Aut. SPICS: 4614
245 _aUltimo naturalismo spoletino
245 _bInformale in Italia (L')-Mostra Dedicata a Francesco Arcangeli
250 _a1a ed.
260 _aMILANO
260 _bMazzotta
260 _c1983 [1° Ed.:1983 - Ed.Ling.Originale:1983]
300 _a"3 p. (prefazione: no ; testo: 3 [pagine: 90-92])"
650 _aSAGGI DI PITTURA
650 _eCodice materia Spics: 5211
942 _cBK
957 _71
999 _c48046
_d48046
999 _bSI
999 _g1